| 000 | 00651nam a2200205Ia 4500 | ||
|---|---|---|---|
| 008 | 131103s9999 xx 000 0 und d | ||
| 020 |
_a8125900519 _cRs.150 |
||
| 040 | _aLoreto College | ||
| 041 | _aEnglish | ||
| 082 |
_a371.271/AGG _bLCLIB/41837 |
||
| 100 | _aAggarwal,J.C. | ||
| 245 |
_aEssentials of examination system _b evaluation,tests and measurement _cJ.C.Aggarwal |
||
| 260 |
_aNew Delhi _bVikas Publication _c1997 (2000 printing) |
||
| 300 |
_axiv,422 p. _b illus. _c 22 cm. |
||
| 504 | _aIncludes bibliographical references and index | ||
| 650 | _aEducation System | ||
| 651 | _aExamination System | ||
| 850 | _aLCLIB | ||
| 942 | _cBK | ||
| 999 |
_c10883 _d61362 |
||